[Event "Geller Mem"]
[Site "Moscow RUS"]
[Date "2006.05.05"]
[Round "2"]
[White "Granovski,A"]
[Black "Castaneda,G"]
[Result "1/2-1/2"]
[WhiteElo "2372"]
[BlackElo "2451"]

1.Nf3 Nf6 2.d4 e6 3.c4 b6 4.Nc3 Bb4 5.Bg5 Bb7 6.Qb3 c5 7.a3 Ba5 8.Rd1 O-O
9.e3 h6 10.Bh4 Bxf3 11.gxf3 cxd4 12.Rxd4 Nc6 13.Rd1 Ne5 14.Be2 Rc8 15.Bg3 Bxc3+
16.bxc3 Rc5 17.Bh4 g5 18.Bg3 Qa8 19.Bxe5 Rxe5 20.h4 Rc8 21.hxg5 hxg5 22.Qb2 Qc6  1/2-1/2

[Event "May Roses Cup"]
[Site "Bucharest ROM"]
[Date "2006.05.09"]
[Round "5"]
[White "Barnaure,V"]
[Black "Pedersen,Nic"]
[Result "1/2-1/2"]
[WhiteElo "2416"]
[BlackElo "2517"]

1.d4 Nf6 2.c4 e6 3.Nf3 b6 4.Nc3 Bb7 5.Bg5 Be7 6.e3 h6 7.Bh4 Ne4 8.Bxe7 Qxe7
9.Rc1 O-O 10.Bd3 Nxc3 11.Rxc3 d6 12.O-O c5 13.Bc2 Nd7 14.e4 cxd4 15.Qxd4 Rfd8
16.Rd1 Nf6 17.Nd2 d5 18.cxd5 exd5 19.e5 Ne4 20.Re3 Rac8 21.Bb3 Nc5 22.Rg3 a5
23.Re1 b5 24.Qf4 Kh8 25.Qg4 Ne6 26.a4 bxa4 27.Qxa4 Rc5 28.Qg4 Rb5 29.Qd1 Qc5
30.h3 Qb6 31.Qf3 Rf8 32.Qf5 Nd4 33.Qg4 Rg8 34.Ree3 Rb4 35.Qd7 Qe6 36.Qxe6 fxe6
37.Rg4 a4 38.Bxa4 Rxa4 39.Nb3 Nxb3 40.Rxa4 Nc5 41.Rb4 Ba6 42.Rc3 Bc4 43.b3 Nxb3  1/2-1/2

[Event "President's Cup"]
[Site "Baku AZE"]
[Date "2006.05.10"]
[Round "7"]
[White "Kadimova,I"]
[Black "Sadvakasov,D"]
[Result "0-1"]
[WhiteElo "2310"]
[BlackElo "2619"]

1.d4 Nf6 2.c4 e6 3.Nf3 b6 4.Nc3 Bb7 5.a3 d5 6.Bg5 Be7 7.Qa4+ Bc6 8.Qb3 O-O
9.Bxf6 Bxf6 10.cxd5 exd5 11.g3 Bb7 12.Rd1 Na6 13.Bg2 c6 14.O-O Nc7 15.e4 Re8
16.e5 Be7 17.Ne1 Ba6 18.Nd3 Qd7 19.Qc2 Rad8 20.b4 g6 21.f4 f5 22.Kh1 Ne6
23.Qf2 Bc4 24.h3 Rf8 25.Qe3 Ra8 26.g4 a5 27.gxf5 Rxf5 28.Ne2 axb4 29.axb4 Ra3
30.Ng3 Rxd3 31.Rxd3 Bxd3 32.Nxf5 Bxf5 33.b5 cxb5 34.Qb3 Nxd4 35.Qa2 Bc5 36.Qa8+ Kg7  0-1

[Event "May Roses Cup"]
[Site "Bucharest ROM"]
[Date "2006.05.11"]
[Round "7"]
[White "Jianu,V"]
[Black "Timoshenko,G"]
[Result "0-1"]
[WhiteElo "2496"]
[BlackElo "2547"]

1.d4 Nf6 2.c4 e6 3.Nf3 b6 4.Nc3 Bb7 5.Bg5 h6 6.Bh4 d6 7.e3 g5 8.Bg3 Nh5 9.Qc2 Nd7
10.O-O-O Bg7 11.d5 e5 12.Nd2 Ndf6 13.Be2 Qe7 14.Nde4 O-O-O 15.h4 Kb8 16.Bh2 g4
17.Ng3 Nxg3 18.Bxg3 h5 19.Bd3 Ng8 20.e4 Nh6 21.Rde1 Rhf8 22.Nd1 f5 23.exf5 Qf6
24.Ne3 Bc8 25.Rhf1 Nxf5 26.Nxf5 Bxf5 27.Bxf5 Qxf5 28.Qxf5 Rxf5 29.Kd1 Bh6
30.Re4 Rdf8 31.Ke2 Kb7 32.Rd1 a6 33.Rd3 Bf4 34.Bxf4 Rxf4 35.Rxf4 Rxf4 36.Rc3 Re4+
37.Kd2 Rd4+ 38.Ke2 b5 39.cxb5 axb5 40.Rd3 Re4+ 41.Re3 Ra4 42.a3 Kb6 43.b4 c5
44.dxc6 Kxc6 45.f3 gxf3+ 46.Kxf3 Ra8 47.g4 Rf8+ 48.Kg3 Kd5 49.gxh5 e4 50.h6 Ke5
51.Rc3 Rh8 52.a4 bxa4 53.Ra3 Rxh6 54.Rxa4 Rg6+ 55.Kf2 Rg4 56.h5 Rh4 57.Ra5+ d5
58.b5 Rxh5 59.b6 Rh2+ 60.Ke1 Rb2 61.Ra6 Kd4 62.Kd1 Kc5 63.Ra5+ Kc6 64.Kc1 Rxb6  0-1

[Event "3rd All-China Games"]
[Site "Suzhou CHN"]
[Date "2006.05.24"]
[Round "8"]
[White "Lin Weiguo"]
[Black "Li Ruofan"]
[Result "1/2-1/2"]
[WhiteElo "2448"]
[BlackElo "2391"]

1.d4 Nf6 2.Nf3 e6 3.c4 b6 4.Nc3 Bb4 5.e3 Bb7 6.Bd3 Ne4 7.Qc2 f5 8.O-O Bxc3
9.bxc3 O-O 10.Nd2 Qh4 11.f3 Nxd2 12.Bxd2 Nc6 13.Rab1 Rab8 14.Qa4 d6 15.c5 dxc5
16.Bc4 Qe7 17.dxc5 Na5 18.cxb6 cxb6 19.Be2 Rfd8 20.Rbd1 Qc5 21.Qb4 Bd5 22.Qxc5 bxc5
23.e4 fxe4 24.fxe4 Bxe4 25.Be3 Rxd1 26.Rxd1 Rb2 27.Bf1 Bd5 28.Bxc5 Rxa2 29.Bxa7 Nc4
30.Bxc4 Bxc4 31.Rd8+ Kf7 32.Bd4 g5 33.Rd7+ Kg6 34.g4 h5 35.Rg7+ Kh6 36.h4 hxg4
37.Rxg5 Be2 38.Kf2 Bd3+ 39.Kg3 Bf5 40.Rg8 Re2 41.Rg5 Re1 42.Kf2 Rh1 43.Rg8 Rxh4
44.Rh8+ Bh7 45.Kg3 Rh1 46.Kxg4 Re1 47.Kf4 e5+ 48.Bxe5 Re4+ 49.Kf3 Rxe5 50.Rc8 Kg5
51.Rc7 Bd3 52.c4 Kf5 53.c5 Bb5 54.Kf2 Ke6 55.c6 Kd6 56.Rd7+ Kxc6 57.Rd2 Kc5
58.Kf3 Bc6+ 59.Kf4 Re4+ 60.Kf5 Bd5 61.Rb2 Re8 62.Kf4 Re4+ 63.Kf5 Re1 64.Kf4 Kd6
65.Rf2 Re4+ 66.Kf5 Re8 67.Kf4 Rh8 68.Re2 Rf8+ 69.Kg3 Rf3+ 70.Kg4 Rf1 71.Kg3 Kc5
72.Rf2 Rg1+ 73.Kf4 Kd4 74.Rd2+ Kc4 75.Ke5 Re1+ 76.Kf4 Be4 77.Ra2 Bd3 78.Ra7 Re4+
79.Kf3 Re8 80.Rc7+ Kd4 81.Rd7+ Kc3 82.Rc7+ Kd2 83.Kf4 Re4+ 84.Kg5 Re5+ 85.Kf6 Rf5+
86.Ke6 Ke3 87.Rh7 Rg5 88.Rh4 Be4 89.Rh2 Kd4 90.Rd2+ Bd3 91.Kf7 Rg3 92.Kf6 Rg6+
93.Kf7 Rg3 94.Kf6 Rg6+ 95.Kf7 Ra6 96.Ke7 Ke4 97.Rd1 Bc4 98.Rh1 Re6+ 99.Kd7 Rf6
100.Ke7 Rg6 101.Rh4+ Kd5 102.Rh5+ Kd4 103.Rf5 Bd5 104.Rf6 Rg7+ 105.Kd6 Rg4
106.Rh6 Be4 107.Rf6 Rh4 108.Re6 Bf5 109.Rf6 Ke4 110.Rf8 Rh7  1/2-1/2

[Event "9th L.Kaplun Mem"]
[Site "Ternopil UKR"]
[Date "2006.05.28"]
[Round "7"]
[White "Privalov,Y"]
[Black "Nazarevich,V"]
[Result "1-0"]
[WhiteElo "2271"]
[BlackElo "2329"]

1.d4 Nf6 2.c4 e6 3.Nf3 b6 4.Nc3 Bb4 5.Bg5 h6 6.Bh4 Bb7 7.Nd2 O-O 8.a3 Be7
9.e3 c5 10.Nf3 cxd4 11.Nxd4 d5 12.Nf3 Nbd7 13.Rc1 Rc8 14.cxd5 Nxd5 15.Bxe7 Qxe7
16.Nxd5 Bxd5 17.Rxc8 Rxc8 18.Ba6 Bxf3 19.gxf3 Rc5 20.Ke2 b5 21.b4 Rd5 22.Qc2 Nb8
23.Bc8 Rd6 24.Rc1 Rc6 25.Qd2 Rc7 26.Rc3 Kf8 27.Qc2 Rxc3 28.Qxc3 Qd6 29.Bb7 e5
30.Qc8+ Ke7 31.Be4 a6 32.Qb7+ Ke6 33.Bc2 Nd7 34.Bb3+ Ke7 35.Bd5 f5 36.Bc6 Kd8
37.Qxa6 e4 38.fxe4 fxe4 39.Qxb5 Nf6 40.Qa5+  1-0

[Event "28th Nezhmetdinov mem"]
[Site "Kazan RUS"]
[Date "2006.06.07"]
[Round "7"]
[White "Demidov,Vy"]
[Black "Vasilov,A"]
[Result "1/2-1/2"]
[WhiteElo "2228"]
[BlackElo "2265"]

1.d4 Nf6 2.c4 e6 3.Nf3 b6 4.Nc3 Bb7 5.Bf4 Bb4 6.e3 O-O 7.Rc1 d5 8.Bd3 Nbd7
9.O-O Bxc3 10.bxc3 c5 11.cxd5 exd5 12.c4 cxd4 13.Nxd4 Nc5 14.Be2 Qd7 15.cxd5 Bxd5
16.Bb5 Qb7 17.f3 a6 18.Bc4 Bxc4 19.Rxc4 Nd5 20.Nf5 Nxf4 21.Rxf4 Ne6 22.Rg4 Kh8
23.Qd6  1/2-1/2

[Event "TCh-NOR"]
[Site "Oslo NOR"]
[Date "2006.06.10"]
[Round "4"]
[White "Thorstensen,T"]
[Black "Michelsen,S"]
[Result "1/2-1/2"]
[WhiteElo "2238"]
[BlackElo "2215"]

1.d4 Nf6 2.Nf3 e6 3.c4 b6 4.Nc3 Bb7 5.e3 Bb4 6.Bd2 O-O 7.Bd3 Bxc3 8.Bxc3 Ne4
9.Rc1 d6 10.O-O Nd7 11.Be1 c5 12.Nd2 Nxd2 13.Bxd2 Nf6 14.f3 e5 15.Bc3 e4
16.Bb1 exf3 17.d5 Ng4 18.Rxf3 g6 19.Rh3 Ne5 20.b3 Qf6 21.Qd2 Rae8 22.Rf1 Qg7
23.e4 f6 24.a4 Bc8 25.Rg3 a5 26.Kh1 Bd7 27.Bc2 Qe7 28.h3 Rf7 29.Qh6 Qf8 30.Qf4 Qg7
31.Qc1 Kf8 32.Rf2 Ke7 33.Qf1 Kd8 34.Qc1  1/2-1/2

[Event "Open A"]
[Site "Voronezh RUS"]
[Date "2006.06.13"]
[Round "2"]
[White "Gavrilov,Al1"]
[Black "Bocharov,D"]
[Result "0-1"]
[WhiteElo "2461"]
[BlackElo "2559"]

1.d4 Nf6 2.c4 e6 3.Nf3 b6 4.Nc3 Bb4 5.Bg5 Bb7 6.Nd2 h6 7.Bh4 Nc6 8.e3 Ne7
9.Bxf6 gxf6 10.Qb3 Bxc3 11.Qxc3 d6 12.O-O-O Rg8 13.d5 exd5 14.Qxf6 Qd7 15.Rg1 Qe6
16.Qc3 O-O-O 17.g3 dxc4 18.Bxc4 d5 19.Bd3 c5 20.Rge1 Nc6 21.a3 Kb8 22.Nf3 Rge8
23.Bc2 Re7 24.Nh4 Rc7 25.Kb1 Ne5 26.Bf5 Qd6 27.Bh3 b5 28.Nf5 Qe6 29.Nh4 Qe8
30.Qc2 b4 31.axb4 cxb4 32.Qb3 a5 33.Nf5 Qe6 34.e4 Nc4 35.Ka1 Qb6 36.exd5 Rc5
37.Bf1 a4 38.Qf3 Na5 39.Qf4+ Ka7 40.Re7  0-1

[Event "Open A"]
[Site "Voronezh RUS"]
[Date "2006.06.13"]
[Round "2"]
[White "Neverov,V"]
[Black "Poluektov,Y2"]
[Result "1-0"]
[WhiteElo "2572"]
[BlackElo "2318"]

1.d4 Nf6 2.c4 e6 3.Nf3 b6 4.Nc3 Bb4 5.e3 Bxc3+ 6.bxc3 d6 7.Bd3 Qe7 8.Nd2 Bb7
9.O-O c5 10.Re1 Nc6 11.Nb3 Qc7 12.e4 e5 13.Bg5 Nd7 14.Qg4 Nf8 15.Rad1 f6
16.Bc1 h5 17.Qh3 Bc8 18.Qg3 h4 19.Qf3 Qf7 20.Be2 Bd7 21.Qd3 g5 22.a4 a5 23.dxc5 dxc5
24.Nd2 Nd8 25.Qc2 Nfe6 26.Nb1 Nf4 27.Bf1 Qe6 28.Na3 Nf7 29.Nb5 Bxb5 30.cxb5 Ke7
31.Rd2 Rad8 32.Red1 Rxd2 33.Rxd2 Rd8 34.Rxd8 Kxd8 35.g3 Ng6 36.Qd1+ Kc7 37.Qh5 Ne7
38.gxh4 gxh4 39.Qxh4 Nd6 40.Bh3 Qg8+ 41.Kh1 Qc4 42.Qxf6 Qxe4+ 43.Kg1 Nef5
44.Bg5 Qe1+ 45.Bf1 Kb7 46.Qd8 e4 47.Qd7+ Kb8 48.Bd8  1-0

[Event "National Open"]
[Site "Las Vegas USA"]
[Date "2006.06.16"]
[Round "1"]
[White "Izoria,Z"]
[Black "Somogyi,I"]
[Result "1-0"]
[WhiteElo "2647"]
[BlackElo "2225"]

1.d4 Nf6 2.c4 e6 3.Nf3 b6 4.Nc3 d5 5.cxd5 exd5 6.Bg5 Be7 7.e3 O-O 8.Bd3 Be6
9.O-O Nbd7 10.Qa4 c5 11.h3 a6 12.Qc2 c4 13.Bf5 Bxf5 14.Qxf5 g6 15.Qf4 b5
16.Ne5 Nxe5 17.dxe5 Ne4 18.Bxe7 Nxc3 19.Qh4  1-0

[Event "Open A"]
[Site "Voronezh RUS"]
[Date "2006.06.19"]
[Round "7"]
[White "Nikuljshin,K"]
[Black "Orekhov,V"]
[Result "1-0"]
[WhiteElo "2331"]
[BlackElo "2261"]

1.d4 e6 2.c4 Nf6 3.Nf3 b6 4.Nc3 Bb7 5.Bg5 Be7 6.e3 c5 7.Be2 cxd4 8.exd4 d6
9.O-O O-O 10.Qc2 Nbd7 11.Rfd1 Rc8 12.Qa4 a6 13.Rac1 Bc6 14.Qc2 Bb7 15.Qd2 Re8
16.h3 Qc7 17.Bf4 Qb8 18.Bh2 Qa8 19.Qe3 h6 20.Re1 Nh7 21.Red1 Ng5 22.Ne1 Rcd8
23.b4 Rf8 24.d5 e5 25.f4 Nh7 26.Nf3 Rfe8 27.f5 Rc8 28.Bg3 Ng5 29.Nd2 Nh7
30.Nde4 Nhf6 31.Nxf6+ Bxf6 32.Ne4 Be7 33.Bf3 a5 34.a3 Qa7 35.Bf2 Bf8 36.f6 Nxf6
37.Nxf6+ gxf6 38.Be4 axb4 39.axb4 Qa4 40.Be1 Rxc4 41.Rxc4 Qxd1 42.Bc2 Qa1
43.Rg4+ Bg7 44.Qg3 Kf8 45.Rxg7 Bxd5 46.Rg8+ Ke7 47.Rxe8+ Kxe8 48.Kh2 Ke7
49.Qe3 h5 50.Bf5 b5 51.Qd2 Qa8 52.Bh4 Qa2 53.Qxa2 Bxa2 54.Bf2 Bc4 55.Bb6 Kf8
56.Kg3 d5 57.Kf3 Kg7 58.h4 d4 59.Bg4 f5 60.Bxf5 Kf6  1-0

[Event "Open A"]
[Site "Balatonlelle HUN"]
[Date "2006.06.20"]
[Round "4"]
[White "Pinter,J"]
[Black "Kragelj,I"]
[Result "1-0"]
[WhiteElo "2532"]
[BlackElo "2260"]

1.d4 Nf6 2.c4 e6 3.Nf3 b6 4.Nc3 Bb7 5.e3 d5 6.Qa4+ c6 7.cxd5 exd5 8.Bd3 Bd6
9.O-O O-O 10.Bd2 Nbd7 11.Rac1 Re8 12.Ne2 Ne4 13.Ng3 g6 14.Bb4 c5 15.Bb5 Re7
16.dxc5 bxc5 17.Ba5 Nb6 18.Qd1 Rb8 19.Re1 Re6 20.Nxe4 dxe4 21.Nd2 Be5 22.Nc4 Bxh2+
23.Kxh2 Qh4+ 24.Kg1 g5 25.Bxb6 Rh6 26.Kf1 Rf6 27.Rc2 axb6 28.Qd7 Bc8 29.Qe8+ Kg7
30.Bd7 Ba6 31.Qxb8 Bxc4+ 32.Kg1 Bd3 33.Rd2 Rh6 34.Qe5+ Kg8 35.Bh3 g4 36.Kh2 gxh3
37.g3 Qg4 38.Qf4 Qe6 39.b3 Rf6 40.Qg5+ Rg6 41.Qh4 Kg7 42.f4 f6 43.Qh5 Rh6
44.Qd1 Rg6 45.Rg1 Rg4 46.Qc1 Qf5 47.a4 Qe6 48.a5 bxa5 49.Qxc5 Qxb3 50.Qc8 Rg6
51.Rc1  1-0

[Event "Open A"]
[Site "Voronezh RUS"]
[Date "2006.06.20"]
[Round "8"]
[White "Zakharevich,I"]
[Black "Demianjuk,A"]
[Result "1/2-1/2"]
[WhiteElo "2523"]
[BlackElo "2356"]

1.d4 Nf6 2.c4 e6 3.Nf3 b6 4.Nc3 Bb7 5.a3 d5 6.Qc2 c5 7.cxd5 cxd4 8.Nxd4 Nxd5
9.Ndb5 Nxc3 10.Qxc3 Bc6 11.Nd4 Qd5 12.f3 Bc5 13.Be3 O-O 14.Nxc6 Nxc6 15.Bxc5 bxc5
16.e3 Rfd8 17.Bb5 Rab8 18.Bxc6  1/2-1/2

[Event "IM"]
[Site "Balatonlelle HUN"]
[Date "2006.06.21"]
[Round "5"]
[White "Porat,I"]
[Black "Rombaldoni,D"]
[Result "1/2-1/2"]
[WhiteElo "2346"]
[BlackElo "2322"]

1.c4 e6 2.Nc3 Nf6 3.Nf3 b6 4.d4 Bb4 5.Qb3 a5 6.a3 a4 7.Qc2 Bxc3+ 8.Qxc3 Ne4
9.Qc2 Bb7 10.g3 c5 11.Bg2 cxd4 12.Nxd4 f5 13.Nb5 O-O 14.Nc3 d5 15.cxd5 Nxc3
16.Qxc3 Bxd5 17.O-O Bxg2 18.Kxg2 Qd5+ 19.Qf3 Ra5 20.Qxd5 Rxd5 21.Be3 b5 22.b3 axb3
23.Rfb1 Nc6 24.Rxb3 Na5 25.Rc3 Nc4 26.a4 Ra8 27.Kh3 Kf7 28.axb5 Rxa1 29.Rxc4 Rxb5
30.Rc7+ Kg6 31.Bd4 Ra4 32.Rxg7+ Kh6 33.Rd7 Rd5 34.Rxd5 exd5 35.e3 Ra2 36.Kg2 Kg6
37.Kf3 Kf7 38.h3 Ke6 39.Bc5 Kd7 40.Bd4 Kc6 41.Be5 Kc5 42.Bd4+ Kc4 43.g4 fxg4+
44.hxg4 Kd3 45.Bc5 Ra8 46.Kg3 Rg8 47.Kf3 Rc8 48.Bd6 Rd8 49.Bc5 Rd7 50.Bd4 Rd8
51.Bc5 Rg8 52.Bd4 Rf8+ 53.Kg3 Ke4 54.Bc5 Rg8 55.f3+ Kd3 56.Kf4 Ke2 57.Kg3 Rc8
58.Bd4 Rc1 59.Kg2 Kd3 60.Kg3 Rc8 61.Kf4 Rf8+ 62.Kg3 Rg8 63.Kf4 Ke2 64.Kg3 h5
65.Kh4 hxg4 66.fxg4 Kf3 67.g5 Ke4 68.Kg4 Rg6 69.Bf6 Kxe3 70.Kf5 Rg8 71.g6 Ra8
72.g7 d4 73.Be7 Rg8 74.Kg6 d3 75.Kf7 Rxg7+ 76.Kxg7 d2 77.Bg5+  1/2-1/2

[Event "Midnight Sun"]
[Site "Tromso NOR"]
[Date "2006.06.24"]
[Round "1"]
[White "Johansen,P"]
[Black "Tallaksen,L"]
[Result "0-1"]
[WhiteElo "2106"]
[BlackElo "2011"]

1.d4 Nf6 2.Nf3 e6 3.c4 b6 4.Nc3 Bb7 5.e4 Nxe4 6.Bd3 Nxc3 7.bxc3 Be7 8.O-O O-O
9.h3 d6 10.Re1 Nd7 11.Be3 Nf6 12.Qe2 d5 13.Ne5 c5 14.Qc2 Rc8 15.Rab1 dxc4
16.Bxc4 a6 17.a4 cxd4 18.Bf4 Rxc4 19.Nxc4 Qd5 20.f3 Qxc4 21.Bd2 Nd5 22.Qe4 Bc6
23.Qxd4 Bc5 24.Qxc5 Qxc5+ 25.Kh2 Qf2 26.Bf4 Nxf4 27.Rg1 Nxh3 28.Rbf1 Qd2
29.Kxh3 Qh6+ 30.Kg3 Qg5+ 31.Kf2 Qd2+ 32.Kg3 f5 33.f4 Qe3+ 34.Kh4 Rf6 35.g4 Rh6+
36.Kg5 Qh3 37.Rh1 Qxg4+  0-1

[Event "FINEC Rector Cup"]
[Site "St Petersburg RUS"]
[Date "2006.07.02"]
[Round "7"]
[White "Vitiugov,N"]
[Black "Zagrebelny,S"]
[Result "1-0"]
[WhiteElo "2550"]
[BlackElo "2485"]

1.d4 Nf6 2.c4 e6 3.Nf3 b6 4.Nc3 Bb7 5.a3 d5 6.cxd5 Nxd5 7.e3 Be7 8.Bb5+ c6
9.Bd3 O-O 10.O-O c5 11.e4 Nxc3 12.bxc3 Nd7 13.Bb2 Rc8 14.Qe2 Qc7 15.Rad1 Rfd8
16.Nd2 Nf8 17.g3 Bf6 18.Nf3 g6 19.h4 Bg7 20.a4 Qc6 21.Rfe1 f5 22.d5 exd5
23.exd5 Qf6 24.Bc4 h6 25.Rd3 Qf7 26.Re3 Qf6 27.Re7 Rd7 28.Rxd7 Nxd7 29.Qe6+ Qxe6
30.dxe6 Nf6 31.Ne5 Kh7 32.Nf7 Bc6 33.Bb5 Bxb5 34.axb5 Ng8 35.h5 Rc7 36.Nd6 Bf8
37.Nc4 g5 38.Ne3 Ne7 39.Rd1 Kg8 40.Rd7 Rc8 41.c4 Re8 42.g4 fxg4 43.Nxg4 Bg7
44.Bf6 Bf8 45.Bxg5 hxg5 46.Nf6+ Kg7 47.Nxe8+ Kh6 48.Rxa7 Kxh5 49.Nf6+  1-0

[Event "Open"]
[Site "Marseille FRA"]
[Date "2006.07.03"]
[Round "5"]
[White "Williams,Si"]
[Black "Boudre,JP"]
[Result "1/2-1/2"]
[WhiteElo "2478"]
[BlackElo "2325"]

1.d4 Nf6 2.c4 e6 3.Nf3 b6 4.Nc3 Bb4 5.Bg5 Bb7 6.Nd2 h6 7.Bh4 Be7 8.e4 Nxe4
9.Bxe7 Nxc3 10.Qf3 Qc8 11.Qxc3 Kxe7 12.d5 Kf8 13.O-O-O d6 14.Be2 Nd7 15.Bg4 Nf6
16.Bh3 Qd8 17.dxe6 fxe6 18.Bxe6 Qe8 19.Bf5 Qe5 20.Qxe5 dxe5 21.Rhe1 Bxg2
22.Rxe5 Bc6 23.Rde1 Re8 24.f4 Kf7 25.Be6+ Kf8 26.Nb3 g6 27.Nd4 Bb7 28.Rg1 Be4
29.Nb5 Rh7 30.Nc3 Bd3 31.Nd5 Nxd5 32.cxd5 Rg7 33.Kd2 Bc4 34.b3 Bxd5 35.Bxd5 Rxe5
36.fxe5 Rd7 37.Ke3 Rxd5 38.Ke4 Rd2 39.Rxg6 Rxh2 40.Kf5 h5 41.Rc6 h4 42.Rxc7 h3
43.a4 Rf2+ 44.Ke6 h2 45.Rh7 Rd2 46.Rh3 a5 47.Rh4 Kg7 48.Ke7 Kg6 49.e6 Kg7
50.Rh3 Kg8 51.Kf6 Rf2+ 52.Ke5 Rd2 53.e7 Kf7 54.Rh7+ Ke8 55.Ke6 Re2+ 56.Kd6 Rd2+
57.Kc6 Rb2 58.Kxb6 Rxb3+ 59.Kxa5 Rb2 60.Ka6 Kd7 61.a5 Ke8  1/2-1/2

[Event "35th TCh-GRE"]
[Site "Ermioni GRE"]
[Date "2006.07.06"]
[Round "4"]
[White "Filippas,S"]
[Black "Papadimitriou,A"]
[Result "1/2-1/2"]
[WhiteElo "2083"]
[BlackElo "1972"]

1.d4 Nf6 2.c4 e6 3.Nf3 b6 4.Nc3 Bb7 5.Bg5 Bb4 6.e3 O-O 7.Bd3 h6 8.Bh4 c5
9.O-O d6 10.Qe2 Nbd7 11.Bg3 cxd4 12.exd4 Bxc3 13.bxc3 Qc7 14.Rad1 Rfd8 15.Rfe1 Rac8
16.Rb1 Nh5 17.Bh4 Nhf6 18.Nd2 Qc6 19.f3 Qa4 20.Bg3 Qc6 21.Qe3 e5 22.Bf5 Re8
23.Qf2 g6 24.Bh3 Nh5 25.Bg4 Nxg3 26.Qxg3 Kh7 27.Bxd7 Qxd7 28.Qf2 f5 29.dxe5 dxe5
30.Rb5 Qg7 31.Qe3 Rcd8 32.Rxe5 Rxe5 33.Qxe5 Rxd2 34.Qxg7+ Kxg7 35.Re7+ Kf6
36.Rxb7 Rxa2 37.c5 bxc5 38.Rb5 a5 39.Rxc5 a4 40.Ra5 a3 41.h4 Ke6 42.Kh2 h5
43.Kg3 Ra1 44.Kf4  1/2-1/2

[Event "ch-SWE"]
[Site "Gothenburg SWE"]
[Date "2006.07.07"]
[Round "7"]
[White "Cramling,P"]
[Black "Sagit,R"]
[Result "1-0"]
[WhiteElo "2521"]
[BlackElo "2265"]

1.d4 Nf6 2.Nf3 e6 3.c4 b6 4.Nc3 Bb7 5.a3 d5 6.Bg5 Be7 7.Bxf6 Bxf6 8.cxd5 exd5
9.Qb3 a6 10.e3 Qd6 11.Bd3 Nd7 12.O-O O-O 13.Rad1 Rfe8 14.Bb1 Re7 15.Ba2 c6
16.Rfe1 Rf8 17.e4 dxe4 18.Nxe4 Qf4 19.Nxf6+ Qxf6 20.Rxe7 Qxe7 21.Re1 Qd8
22.h4 h6 23.Ne5 Nxe5 24.dxe5 Bc8 25.Qc2 c5 26.Bb1 g6 27.e6 Qf6 28.exf7+ Kxf7
29.Re3 Kg7 30.Qe2 Bf5 31.Ba2 Bg4 32.Re7+ Rf7 33.Rxf7+ Qxf7 34.Qe5+ Qf6 35.Qc7+ Kf8
36.Bc4 a5 37.Qb8+ Ke7 38.Qc7+ Bd7 39.Bb5 Qd6 40.Qb7 Qd1+ 41.Kh2 Qd4 42.Bxd7 Qxd7
43.Qxb6 Qd4 44.Qc7+ Kf6 45.Kg3 g5 46.hxg5+ hxg5 47.Qc6+ Kg7 48.Qb7+ Kg6 49.Qa6+ Kg7
50.Qa7+ Kg6 51.Qb8 a4 52.Qg8+ Kh6 53.Qe6+ Kg7 54.Qe3 Qd5 55.Qe7+ Kh6 56.Qf6+ Kh7
57.f3 Qd2 58.Qf5+ Kg7 59.Qe5+ Kg6 60.Kh3 Qc1 61.Kg4 Qd2 62.Qf5+ Kh6 63.Qf6+ Kh7
64.Qf7+  1-0

[Event "Open"]
[Site "Kavala GRE"]
[Date "2006.07.07"]
[Round "5"]
[White "Gelashvili,T"]
[Black "Mastrokoukos,G"]
[Result "1-0"]
[WhiteElo "2575"]
[BlackElo "2324"]

1.Nf3 Nf6 2.c4 b6 3.d4 e6 4.Nc3 Bb7 5.Bg5 h6 6.Bh4 Be7 7.e3 Ne4 8.Nxe4 Bxe4
9.Bg3 Bb4+ 10.Nd2 O-O 11.a3 Bxd2+ 12.Qxd2 d6 13.f3 Bg6 14.Be2 Nd7 15.O-O Qe7
16.Rfd1 Rad8 17.b4 e5 18.Bf1 Rfe8 19.Bf2 Kh8 20.Rac1 f5 21.Qc3 e4 22.f4 c6
23.a4 Bf7 24.Ra1 Nf6 25.Bh4 Rg8 26.a5 g5 27.Bg3 d5 28.fxg5 hxg5 29.axb6 axb6
30.c5 b5 31.Be5 Kh7 32.Ra6 Be8 33.Bxb5 Ng4 34.Bxc6 Rg6 35.b5 Bxc6 36.Rxc6 Rxc6
37.bxc6 Nxe5 38.dxe5 Qe6 39.Ra1 Qxc6 40.Ra7+ Kg6 41.Qa5 Qe8 42.Qa6+ Kh5 43.Rh7+  1-0

[Event "ch-SVK"]
[Site "Banska Stiavnica SVK"]
[Date "2006.07.08"]
[Round "1"]
[White "Markos,J"]
[Black "Michalik,P"]
[Result "1-0"]
[WhiteElo "2526"]
[BlackElo "2330"]

1.d4 e6 2.c4 Nf6 3.Nf3 b6 4.Nc3 Bb7 5.a3 Be7 6.d5 d6 7.e4 e5 8.b4 O-O 9.g3 Nbd7
10.Bg2 Re8 11.O-O h6 12.Ne1 Bc8 13.Nd3 Nh7 14.Be3 Bg5 15.f4 exf4 16.gxf4 Bf6
17.Rc1 Bb7 18.c5 Ba6 19.Ne2 Qe7 20.cxd6 cxd6 21.Nd4 Bxd4 22.Bxd4 Rac8 23.Qb3 Nhf8
24.b5 Bb7 25.Nb4 Rxc1 26.Rxc1 Nc5 27.Qg3 Ng6 28.Re1 Qh4 29.Bxc5 bxc5 30.Qxh4 Nxh4
31.Nc6 a6 32.b6 Ng6 33.Na5 Re7 34.Rf1 f6 35.Bh3 Kf8 36.Bf5 Nh8 37.Rb1 Nf7
38.Nxb7 Rxb7 39.Bc8  1-0

[Event "II Balazs-Diak Cup U-18"]
[Site "Balatonlelle HUN"]
[Date "2006.07.09"]
[Round "9"]
[White "Samu,G jr"]
[Black "Rombaldoni,D"]
[Result "1/2-1/2"]
[WhiteElo "2173"]
[BlackElo "2322"]

1.d4 Nf6 2.c4 e6 3.Nf3 b6 4.Nc3 Bb7 5.Bg5 Bb4 6.Qc2 h6 7.Bh4 g5 8.Bg3 Ne4
9.Be5 Bxc3+ 10.bxc3 Rg8 11.Nd2 f5 12.f3 Nxd2 13.Qxd2 d6 14.Bg3 Nd7 15.e3 Qe7
16.Bd3 Nf6 17.Qe2 h5 18.h3 h4 19.Bf2 Nh5 20.O-O-O O-O-O 21.Rdg1 Kb8 22.Qc2 Rdf8
23.Kb1 Qe8 24.Be1 Qc6 25.Qe2 Rh8 26.Kb2 e5 27.Rf1 Ba6 28.d5 Qc5 29.Kb3 Ka8
30.Bf2 e4 31.fxe4 fxe4 32.Bxe4 b5 33.Bf3 bxc4+ 34.Kb2 Rb8+ 35.Ka1 Qa3 36.Qc2 Nf6
37.e4 Nd7 38.Bd4 Nc5 39.Bxc5 Qxc5 40.Rb1 Rb6 41.Rb2 Rxb2 42.Qxb2 Rb8 43.Qc2 Qe3
44.Rd1 Bc8 45.Qd2 Qxd2 46.Rxd2 Bd7 47.Rd4 Rf8 48.Rxc4 Kb8 49.Rb4+ Kc8 50.Be2 Rf2
51.Ba6+ Kd8 52.Rb2 Rxb2 53.Kxb2 Ke7 54.Kc2 Kf6 55.Kd2 Ke5 56.Ke3 Ba4 57.Bd3  1/2-1/2

[Event "COQ"]
[Site "Montreal CAN"]
[Date "2006.07.09"]
[Round "3"]
[White "Bolduc,S"]
[Black "Swathi,G"]
[Result "0-1"]
[WhiteElo "2177"]
[BlackElo "2379"]

1.d4 Nf6 2.Nf3 e6 3.c4 b6 4.Nc3 Bb7 5.Bg5 h6 6.Bh4 Be7 7.e3 O-O 8.Bd3 d5
9.O-O Nbd7 10.Qe2 dxc4 11.Bxc4 Ne4 12.Bg3 Bd6 13.Rad1 Qc8 14.Nxe4 Bxe4 15.Nd2 Bb7
16.e4 Bxg3 17.hxg3 c5 18.Nb3 cxd4 19.Rxd4 Ne5 20.Rc1 Qb8 21.Ba6 Rc8 22.Rcd1 Bxa6
23.Qxa6 Rc2 24.R4d2 Rxd2 25.Rxd2 h5 26.Qe2 g6 27.f3 b5 28.Qf2 Nc4 29.Rd7 Ne5
30.Rd1 a6 31.Qc5 Nxf3+ 32.Kf2 Ne5 33.Rd6 Nc4 34.Rc6 Nxb2 35.Qd4 Nc4 36.Nc5 h4
37.gxh4 Qf4+ 38.Ke2 Qxh4 39.Qd7 Qg4+ 40.Kf2 Qf4+ 41.Kg1 Qe3+ 42.Kh2 Ne5 43.Rc8+ Rxc8
44.Qxc8+ Kh7 45.g3 Qf2+ 46.Kh3 g5  0-1

[Event "XXIV Andorra Open"]
[Site "Andorra la Vella AND"]
[Date "2006.07.10"]
[Round "3"]
[White "Ravi,L"]
[Black "Oms Pallise,J"]
[Result "1/2-1/2"]
[WhiteElo "2390"]
[BlackElo "2511"]

1.d4 Nf6 2.c4 e6 3.Nf3 b6 4.Nc3 Bb7 5.a3 d5 6.cxd5 Nxd5 7.e3 Nf6 8.Bb5+ c6
9.Bd3 Nbd7 10.e4 c5 11.d5 exd5 12.exd5 Bd6 13.O-O O-O 14.Re1 a6 15.Bg5 Qc7
16.Ne4 Nxe4 17.Rxe4 Ne5 18.Rh4 Nxd3 19.Qxd3 f5 20.Bd2 Qf7 21.Rxh7 Qxd5 22.Qxd5+ Bxd5
23.Ng5 Be5 24.Bc3 Bxc3 25.bxc3 Rfe8 26.Rh4 Bb3 27.Rf4 Bc2 28.h4 Rad8 29.Ra2 Rd1+
30.Kh2 Bd3 31.a4 Rb1 32.Rd2 c4 33.Rd4 Rb3 34.Rd1 Kf8 35.Nh7+ Kf7 36.Ng5+ Kf6
37.Rd6+ Ke7 38.Rd4 Kf8 39.Nh7+ Kf7 40.Ng5+ Kg6 41.Rd6+ Kh5 42.Ne6 Kxh4 43.f3 Rh8
44.Rd2 Rh6 45.g3+ Kh5 46.Kg2 Rxe6 47.Rxe6 a5 48.Kf2 Kg5  1/2-1/2

[Event "16th Heart of Finland Open"]
[Site "Jyvaskyla FIN"]
[Date "2006.07.11"]
[Round "1"]
[White "Kopsa,P"]
[Black "Nyback,T"]
[Result "1/2-1/2"]
[WhiteElo "2053"]
[BlackElo "2587"]

1.d4 Nf6 2.c4 e6 3.Nf3 b6 4.Nc3 Bb7 5.e3 Bb4 6.Bd3 O-O 7.O-O c5 8.Na4 cxd4
9.a3 Be7 10.exd4 d6 11.Nc3 d5 12.cxd5 Nxd5 13.Re1 Nxc3 14.bxc3 Nc6 15.h4 Na5
16.Ng5 g6 17.Nxh7 Kxh7 18.Qh5+ Kg8 19.Bxg6 fxg6 20.Qxg6+ Kh8 21.Qh6+ Kg8
22.Qg6+ Kh8 23.Qh6+  1/2-1/2

[Event "Inautomarket Open"]
[Site "Minsk BLR"]
[Date "2006.07.12"]
[Round "3"]
[White "Churkin,V"]
[Black "Maiorov,N"]
[Result "1-0"]
[WhiteElo "2293"]
[BlackElo "2490"]

1.d4 Nf6 2.c4 e6 3.Nf3 b6 4.Nc3 Bb4 5.Bg5 Bb7 6.Nd2 h6 7.Bh4 Bxc3 8.bxc3 d6
9.f3 Nbd7 10.e4 Qe7 11.c5 bxc5 12.Rb1 Bc8 13.e5 dxe5 14.dxe5 Nxe5 15.f4 Ng6
16.Bxf6 Qxf6 17.Qf3 O-O 18.Qxa8 e5 19.Rb8 exf4 20.Ne4 Qf5 21.Be2 c6 22.Bf3 Ne5
23.O-O Qd7 24.Nd6 Qxd6 25.Rxc8 Rxc8 26.Qxc8+ Kh7 27.Qf5+ Ng6 28.Qxf7 Qe5
29.Qc4 Qe3+ 30.Kh1  1-0

[Event "21st North Sea Cup"]
[Site "Esbjerg DEN"]
[Date "2006.07.14"]
[Round "8"]
[White "Pedersen,G"]
[Black "Aagaard,K"]
[Result "1-0"]
[WhiteElo "2236"]
[BlackElo "1972"]

1.d4 Nf6 2.Nf3 e6 3.c4 b6 4.Nc3 Bb7 5.a3 Be7 6.d5 O-O 7.e4 d6 8.Bd3 Nbd7
9.h3 h6 10.Be3 c5 11.Qd2 exd5 12.exd5 Re8 13.O-O Bf8 14.Rae1 Ne5 15.Nxe5 Rxe5
16.Bf4 Rxe1 17.Rxe1 a6 18.Bc2 Qc7 19.Qd3 g6 20.Qf3 Re8 21.Rxe8 Nxe8 22.Qe3 Qd7
23.Ba4 b5 24.cxb5 Qe7 25.Qxe7 Bxe7 26.bxa6  1-0

[Event "Inautomarket Open"]
[Site "Minsk BLR"]
[Date "2006.07.14"]
[Round "5"]
[White "Churkin,V"]
[Black "Lomako,P"]
[Result "1-0"]
[WhiteElo "2293"]
[BlackElo "2435"]

1.d4 Nf6 2.c4 e6 3.Nf3 b6 4.Nc3 Bb7 5.Bg5 Bb4 6.Nd2 h6 7.Bh4 c5 8.d5 exd5
9.cxd5 g5 10.Bg3 Nxd5 11.Qc2 Bxc3 12.bxc3 O-O 13.e4 Nf4 14.O-O-O Qf6 15.h4 Nc6
16.hxg5 hxg5 17.Bxf4 Qxf4 18.g3 Qf6 19.e5 Qg7 20.Ne4 Qxe5 21.Nf6+ Kg7 22.Nxd7  1-0